Al-Yaman : shamāluhu wa-janūbuhu

محفوظ في:

المؤلف الرئيسي: Muḥammad Muḥammad Siṭīḥah.

التنسيق: كتاب

اللغة: Undetermined

منشور في: Cairo : [Dār al-ittaḥād lil-Ṭibāʻah],, 1972.

الموضوعات:

الوسوم: إضافة وسم

لا توجد وسوم, كن أول من يضع وسما على هذه التسجيلة!

رقم الطلب: DS247 .Y4 S62

LEADER 00616nam a2200181Ia 4500
008 240329s9999||||xx |||||||||||||| ||und||
050 4 |a DS247 .Y4 S62 
100 1 |a Muḥammad Muḥammad Siṭīḥah. 
245 1 0 |a Al-Yaman : shamāluhu wa-janūbuhu  |c Muḥammad Muḥammad Siṭīḥah 
264 1 |a Cairo :  |b [Dār al-ittaḥād lil-Ṭibāʻah],,  |c 1972. 
300 |a 176  |b maps  |c 24 CM 
500 |a At head of title:معهد الدراسات الاسلامية  
650 |a  History 
650 |a Yemen (Republic) 
650 |a Yemen (Republic) History  
650 |a Yémen Histoire 
942 |2 lcc  |c BK 
999 |c 57637  |d 57637